00629nam a2200169 a 450000100100000000500170001000800410002704000250006808200150009310000420010824500680015026000650021830000200028359000260030395201130032999900170044200001715520200929165033.0100319s1950 dr 000 0 spa d aDO-SdBNPbspacBNPHU axxxbD278m1 aDe León Marte, Pedro,d1906-93777913aEl Mantilla en caona :blibro primero /cPedro De León Marte. aCiudad Trujillo, República Dominicana :bJiménez,c1950. a90 p. ;c21 cm. aInventariado, 2018/LP 0010718PDaPDbPDcCTd2010-03-19iLF1l0oxxx D278mp17155-10r2020-06-25w2020-06-25yLFPDZNo se presta c16681d16681